| 000 | 02503nab a2200277 ab4500 | ||
|---|---|---|---|
| 005 | 20251114135517.0 | ||
| 008 | 991125c2016 mx fr p 000 spa d | ||
| 003 | |||
| 035 | _aUPN01000219978 | ||
| 049 | _aART | ||
| 040 |
_aMX-MxUPN _bspa _cMX-MxUPN _eaacr |
||
| 100 | 1 | _aBernal Vera, María Elena | |
| 100 | 1 | _aCastaño Ramírez, Elmer | |
| 245 | 0 | 0 |
_aComparación de dos modelos alternativos de cambio científico (Foucault y Lakatos) : _baplicación al paso de la historia natural (1775-1795) a la biología evolucionista |
| 520 | 3 |
_aSe comparan dos modelos de cambio científico metateórico (Foucault y Lakatos) cuando se estudia la transformación de la historia natural (1775-1795) a la biología evolutiva. Las diferentes tesis se convierten en análisis controvertidos realizados por los filósofos de la ciencia (por ejemplo, el problema de la inconmensurabilidad para comparar y elegir teorías, las relaciones entre teoría y realidad, y las diversas posiciones sobre el tema de la verdad). No solo identificamos las similitudes y diferencias de las características de cada modelo, sino que, además, destacamos sus supuestos y analizamos sus limitaciones; desde los criterios de validez (por los que se valora en qué medida encajan los modelos en el acontecimiento histórico del nacimiento de la ciencia de la vida) hasta la fidelidad (el grado de precisión con el que se pueden aplicar los conceptos de cada modelo). En conclusión, se pierde información valiosa de acuerdo con el interés del observador; sin embargo, explican los cambios en el origen de la biología evolutiva. Ambos modelos proporcionan una visión integral de la dinámica científica al problema de los inicios de las ciencias de la vida; se asemejan a la fuente de información (historia) y son similares en algunos aspectos al marco de modelado y la distancia en otras tesis generales. _cLudus vitalis (traducción del resumen hecha con IA) |
|
| 530 | _a Disponible también en formato electrónico | ||
| 600 | 1 | 4 |
_aFoucault, Michel, _d1926-1984 _xCrítica e interpretación _913354 |
| 653 | 0 | _aBiología evolucionista | |
| 653 | 0 | _aAlakatos, Imre, IMRE, 1922-1974 | |
| 650 | 0 | 2 |
_aHistoria natural _923238 |
| 773 |
_gVol. 24, no. 46, (2016), p. 65-88 _tLudus vitalis: revista de filosofía de las ciencias de la vida _x1133-5165 |
||
| 856 | 4 | _uhttps://www.centrolombardo.edu.mx/ludus-vitalis-busqueda-avanzada/entry/5745/ | |
| 902 | _aLeonor Sotres/141125 | ||
| 905 | _aArticulo | ||
| 942 | _cAI | ||
| 999 |
_c192077 _d192077 |
||